Central Library OPAC University of Rajshahi

এক ঝাঁক পাখি / (Record no. 52431)

MARC details
000 -LEADER
fixed length control field 00745nam a2200229 a 4500
001 - CONTROL NUMBER
control field 52431
003 - CONTROL NUMBER IDENTIFIER
rucl marc code BD-RjUL
005 - DATE AND TIME OF LATEST TRANSACTION
control field 20211209075814.0
008 - FIXED-LENGTH DATA ELEMENTS--GENERAL INFORMATION
fixed length control field 160920s1969 bg ||||| |||| 00| 0 ben d
020 ## - INTERNATIONAL STANDARD BOOK NUMBER
Terms of availability : Tk. 4.00
035 ## - SYSTEM CONTROL NUMBER
System control number (BD-RjUL)52551
040 ## - CATALOGING SOURCE
Original cataloging agency BD-RjUL
Language of cataloging ben
Transcribing agency BD-RjUL
041 ## - LANGUAGE CODE
Language code of text/sound track or separate title ben
082 ## - DEWEY DECIMAL CLASSIFICATION NUMBER
Edition number 23
Classification number 891.441
Author mark and year RAA 1969
100 1# - MAIN ENTRY--PERSONAL NAME
Personal name রশিদ, আ ন ম বজলুর
9 (RLIN) 156855
245 10 - TITLE STATEMENT
Title এক ঝাঁক পাখি /
Statement of responsibility, etc. আ ন ম বজলুর রশিদ
260 ## - PUBLICATION, DISTRIBUTION, ETC. (IMPRINT)
Place of publication, distribution, etc. ঢাকা :
Name of publisher, distributor, etc. বাংলা বাজার,
Date of publication, distribution, etc. ১৯৬৯
300 ## - PHYSICAL DESCRIPTION
Pagination ৫৬ পৃ. ;
Size ২৪ সেমি.
650 ## - SUBJECT ADDED ENTRY--TOPICAL TERM
Topical term or geographic name as entry element বাংলা কবিতা
9 (RLIN) 156856
Topical term or geographic name as entry element Bengali poetry
9 (RLIN) 156857
942 ## - ADDED ENTRY ELEMENTS (KOHA)
Source of classification or shelving scheme Dewey Decimal Classification
Koha item type Books
Holdings
Lost status Source of classification or shelving scheme Damaged status Not for loan Collection code Permanent Location Current Location Shelving location Date acquired Source of acquisition Cost, normal purchase price Total Checkouts Full call number Date last seen Copy number Koha item type
  Dewey Decimal Classification     Non-fiction Central Library, University of Rajshahi Central Library, University of Rajshahi   12/09/1973 Nowrage Kitab Bistan 4.00   B 891.441 RAA 1969 20/09/2016 C-2 Books